Consumer Protection from the Position of the Slovak Trade Inspection, the Slovak National Bank and the State Veterinary and Food Administration of the SR
Legislatíva v oblasti ochrany spotrebiteľa. Činnosť organizácií Národná banka Slovenska, Slovenská obchodná inšpekcia a Štátna veterinárna a potravinová správa SR v oblasti ochrany spotrebiteľa.
Saved in:
| Main Author: | |
|---|---|
| Other Authors: | |
| Format: | Book Chapter |
| Language: | Slovak |
| Subjects: | |
| Tags: |
No Tags, Be the first to tag this record!
|
MARC
| LEADER | 00000naa$a2200000$$$4500 | ||
|---|---|---|---|
| 001 | 0281202 | ||
| 005 | 20241025135741.9 | ||
| 041 | 0 | |a slo | |
| 044 | |a CZ | ||
| 245 | 1 | 0 | |a Consumer Protection from the Position of the Slovak Trade Inspection, the Slovak National Bank and the State Veterinary and Food Administration of the SR |c Lea Pusztiová, Gabriela Dubcová |
| 520 | |a Legislatíva v oblasti ochrany spotrebiteľa. Činnosť organizácií Národná banka Slovenska, Slovenská obchodná inšpekcia a Štátna veterinárna a potravinová správa SR v oblasti ochrany spotrebiteľa. | ||
| 610 | 2 | 0 | |a ochrana spotrebiteľa |
| 610 | 2 | 0 | |a spotrebitelia |
| 610 | 2 | 0 | |a legislatíva |
| 610 | 2 | 0 | |a práva spotrebiteľské |
| 610 | 2 | 0 | |a Slovenská obchodná inšpekcia |
| 610 | 2 | 0 | |a Slovensko |
| 100 | 1 | |a Pusztiová, Lea, 1994- | |
| 700 | 1 | |a Dubcová, Gabriela, 1968- | |